| 000 | 004680000a22001930004500 | ||
|---|---|---|---|
| 001 | 003663 | ||
| 003 | MACL | ||
| 005 | 20150910123929.0 | ||
| 008 | 150910b xxu||||| |||| 00| 0 eng d | ||
| 040 |
_aMACL _cMACL |
||
| 041 | _aEnglish | ||
| 082 | _a821/MAH | ||
| 100 |
_aMahapatra, Jayanta _99550 |
||
| 245 |
_aRandom Descent _cJayanta Mahapatra |
||
| 260 |
_c2005 _bThird Eye communication, |
||
| 350 | _a145 | ||
| 650 |
_aLiterature _99815 |
||
| 942 |
_k821 _cBK _2ddc |
||
| 999 |
_c15560 _d15560 |
||